[Event "5th GRENKE Chess Classic 2018"]
[Site "Baden-Baden"]
[Date "2018.04.05"]
[Round "5"]
[White "Vachier-Lagrave, Maxime"]
[Black "Aronian, Levon"]
[Result "1/2-1/2"]
[WhiteElo "2789"]
[BlackElo "2767"]
[Annotator "TA"]
[PlyCount "71"]
[EventDate "2018.??.??"]
[EventType "tourn"]
[EventCountry "GER"]
[SourceTitle "playchess.com"]
[Source "ChessBase"]
[SourceQuality "1"]

{[%evp 21,71,8,11,13,36,22,13,0,0,0,0,0,5,0,0,0,25,18,14,18,19,18,7,7,8,8,16,5,18,11,20,0,0,0,0,-119,-119,-119,-88,-78,0,0,0,0,0,0,0,0,0,0,0,0]} 1. e4 e5 2. Nf3 Nc6 3. Bb5 {[%cal Bf1b5,Bb5a4,Ba4b3][%mdl 32]} a6 4. Ba4 Nf6 5. O-O Be7 6. Re1 b5 7. Bb3 O-O 8. a4 b4 9. a5 d6 10. d3 Be6 11. Bxe6 {C88: Closed Ruy Lopez: Anti-Marshall Systems} fxe6 {LiveBook: 9 Games} 12. h3 (12. Nbd2 Rb8 13. Nb3 Qc8 14. h3 Nd8 15. Be3 c5 16. Nbd2 Nc6 17. c3 Rb5 18. d4 exd4 19. cxd4 Nxa5 20. dxc5 dxc5 {1-0 (78) So,W (2799)-Aronian,L (2794) Berlin 2018}) 12... Qb8 $146 ({Find the theoretical novelty and annotate with similar games:} 12... Qe8 13. Be3 d5 14. c3 Rb8 15. Nbd2 h6 16. d4 Bd6 17. exd5 Nxd5 18. c4 Nxe3 19. fxe3 {½-½ (28) Saenko,O (2516)-Telepnev,I (2411) ICCF email 2010}) 13. c3 {White is slightly better.} Qb5 14. c4 Qb7 15. Nbd2 {[%cal Bb1d2,Bd2b3,Bb3d4,Bd4e6][%mdl 32]} Nd7 16. Nb3 $1 Nd8 17. d4 exd4 18. Nbxd4 c5 (18... Bf6 {NOTEXT} 19. Nb3 Re8 20. Qc2 c5 21. Bg5 Bxg5 22. Nxg5 h6) 19. Nxe6 $1 Nxe6 20. Qd5 Qxd5 21. exd5 {[#]} Rxf3 $1 22. gxf3 Ne5 $36 {[%mdl 2048] White is under pressure.} 23. Rxe5 $1 dxe5 24. dxe6 $11 {[%mdl 4096] Endgame KRB-KRB} Rd8 {And now ...Rd1+ would win.} 25. Be3 g5 26. Kf1 Kg7 27. Ke2 Kf6 28. Rd1 (28. Rg1 $11 {keeps the balance.} h6 29. b3) 28... Rxd1 $17 29. Kxd1 Kxe6 {KB-KB} 30. Kc2 Kf5 (30... h6 $17) 31. Kd3 $1 $11 {The position is equal.} Bd6 32. b3 Be7 33. Bc1 Bd6 34. Be3 Be7 35. Bc1 Bd6 36. Be3 {Precision: White = 74%, Black = 75%.} 1/2-1/2

[Event "5th GRENKE Chess Classic 2018"]
[Site "Baden-Baden"]
[Date "2018.04.05"]
[Round "5"]
[White "Anand, Viswanathan"]
[Black "Caruana, Fabiano"]
[Result "1/2-1/2"]
[WhiteElo "2776"]
[BlackElo "2804"]
[Annotator "TA"]
[PlyCount "81"]
[EventDate "2018.??.??"]
[EventType "tourn"]
[EventCountry "GER"]
[SourceTitle "playchess.com"]
[Source "ChessBase"]
[SourceQuality "1"]

{[%evp 12,81,18,17,19,6,16,20,15,8,19,27,23,15,26,-15,-13,-15,-15,-2,-10,-22,-10,-14,0,0,-14,-26,22,30,23,0,0,0,0,0,16,7,0,0,0,0,0,0,0,-11,0,0,0,0,0,-5,0,-2,0,0,0,-2,-2,-5,-6,-6,0,0,0,-6,0,0,0,0,0,0]} 1. e4 c6 2. d4 d5 3. e5 Bf5 4. Nd2 e6 5. Nb3 Nd7 6. Nf3 c5 {B12: Caro-Kann: Advance Variation} (6... a6 7. Be2 c5 8. c3 h6 9. dxc5 Bxc5 10. Nxc5 Nxc5 11. Be3 Rc8 12. O-O Ne7 13. Nd4 O-O 14. a4 {0-1 (41) Wei,Y (2743)-Navara,D (2740) Yancheng 2017}) 7. dxc5 {LiveBook: 21 Games} a6 8. Be3 Ne7 $146 ({Predecessor:} 8... Nxc5 9. Nxc5 Bxc5 10. Bxc5 Qa5+ 11. b4 Qxb4+ {1-0 (11) Lagunow,R (1969)-Jauk,W (2183) Germany 2014}) 9. Be2 Be4 10. Ng5 Nxe5 11. Nxe4 dxe4 12. c3 Nf5 13. Bd4 Nc6 14. O-O Be7 15. Bc4 O-O 16. Re1 b5 17. cxb6 {[%cal Bc5b6,Bb6b7][%mdl 32] And now b7 would win.} Ncxd4 18. b7 Rb8 {[#] Hoping for ...Nxb3.} 19. cxd4 a5 20. d5 e5 21. d6 Nxd6 {The position is equal.} 22. Bd5 Nxb7 {aiming for ...a4.} 23. Rxe4 Bf6 24. Rc1 Qd7 {[#] ...Rfd8 is the strong threat.} 25. Bc6 Qxd1+ 26. Rxd1 Rfc8 27. Bxb7 Rxb7 28. Ra4 h6 29. Rxa5 Rc2 30. Rb1 e4 31. Ra4 Re7 32. Re1 Rxb2 33. Kf1 Rc7 {White must now prevent ...Rcc2.} 34. Raxe4 Rxa2 35. R4e2 Rxe2 36. Rxe2 Re7 37. Rxe7 Bxe7 $11 {KB-KN} 38. Nc1 h5 39. h3 g6 40. g4 hxg4 41. hxg4 {Precision: White = 54%, Black = 59%.} 1/2-1/2

[Event "5th GRENKE Chess Classic 2018"]
[Site "Baden-Baden"]
[Date "2018.04.05"]
[Round "5"]
[White "Naiditsch, Arkadij"]
[Black "Bluebaum, Matthias"]
[Result "1/2-1/2"]
[WhiteElo "2701"]
[BlackElo "2616"]
[Annotator "TA"]
[PlyCount "130"]
[EventDate "2018.??.??"]
[EventType "tourn"]
[EventCountry "GER"]
[SourceTitle "playchess.com"]
[Source "ChessBase"]
[SourceQuality "1"]

{[%evp 13,130,0,0,-25,-19,-7,-19,-8,-13,-16,-17,-18,0,-35,-6,-7,50,16,34,31,29,-27,-24,-39,14,12,482,481,469,476,517,511,495,265,256,167,168,168,195,174,179,184,182,136,136,133,136,135,141,139,139,141,141,136,142,142,142,137,150,113,95,25,32,29,49,14,20,23,45,6,6,20,20,7,20,20,20,20,20,8,8,0,0,0,0,0,0,-12,-12,-12,-12,-12,-12,-12,-12,-12,-12,-12,-12,-12,-12,-12,-12,-12,-12,-12,-12,-28,-28,-28,-28,-28,-28,-28,-28,-28,-28,-28,-28]} 1. c4 e6 2. Nf3 d5 3. e3 Nf6 4. b3 Be7 5. Bb2 O-O 6. Nc3 dxc4 {A13: English Opening: 1...e6} 7. bxc4 c5 {LiveBook: 5 Games} 8. Rg1 Nc6 9. g4 e5 $146 ({Find the theoretical novelty and annotate with similar games:} 9... a6 10. g5 Ne8 11. h4 Nd6 12. h5 f5 13. Be2 Rb8 14. a4 {1-0 (35) Grischuk,A (2767)-Kramnik,V (2800) Moscow 2018}) 10. g5 Ne8 11. Qb1 $1 f5 12. gxf6 $1 Nxf6 13. Be2 Kh8 14. Ng5 h6 ({Black should try} 14... g6 $11) 15. Nf3 {[#] Threatens to win with Qg6.} Ne8 16. Nd5 Bf5 17. d3 (17. e4 $142 Bh7 18. Nxe5) 17... Bd6 $11 18. Bc3 Rb8 (18... Rf7 $15) 19. Qb2 $36 {[%cal Rf3e5][%mdl 2048] White has the initiative.} Bxd3 $2 {[%mdl 8192]} (19... b5 $11 {and Black has nothing to worry.} 20. cxb5 Nd4) 20. Bxd3 $18 Rxf3 {[#]} 21. Qe2 $1 {[%cal Re2f3]} Rf8 22. Qh5 Ne7 23. Rxg7 (23. f4 $142) 23... Kxg7 24. O-O-O {Rg1+ would kill now.} ({Much less strong is} 24. Ke2 $6 Rf7 $18) 24... Rf7 25. Rg1+ Kf8 26. Qxh6+ Rg7 27. Rxg7 Nxg7 28. Qf6+ Kg8 29. Bxe5 {[%csl Ge5][%cal Rf6g7]} Nef5 30. Bxf5 {[%csl Ge5][%cal Rf6g7]} Qxf6 31. Nxf6+ Kf7 32. Bxd6 Rd8 33. Bc7 ({Inferior is} 33. Bxc5 Nxf5 34. Ne4 Rc8 $11) 33... Rh8 34. Be4 Kxf6 35. Bxb7 $16 {[%mdl 4096] Endgame KRN-KB} Nf5 36. Bf4 Rg8 37. a4 (37. h4 $16) 37... Rg1+ $11 38. Kd2 {a5 is the strong threat.} Rb1 39. Bc6 (39. Bd5 {NOTEXT} Rb2+ 40. Kc3 Rxf2 41. h4 Re2 42. Bg5+) 39... Rb2+ 40. Ke1 Rb4 41. a5 Rxc4 42. a6 {Black must now prevent Bb8.} Rb4 43. Bb7 Ke6 44. Bc8+ Kf6 45. Kd2 Rb2+ 46. Kd3 Rxf2 47. Ke4 Ra2 48. Be5+ Kg5 49. Bb8 Ra4+ 50. Ke5 c4 ({But not} 50... Ne7 $6 51. Bb7 $16) 51. Bxf5 {And now h4+ would win.} Ra5+ 52. Kd4 {aiming for Be6.} Kxf5 53. Bxa7 Rxa6 {KR-KB} 54. Bc5 Ra4 55. e4+ Ke6 56. Kc3 Ke5 57. Bb4 Ra2 58. Kxc4 Rxh2 59. Kd3 Rh3+ 60. Ke2 Kxe4 {Black has an edge.} 61. Kf2 Rb3 62. Bd6 Rb2+ 63. Kg3 Rc2 64. Bb8 Rc3+ 65. Kg2 Rb3 {Precision: White = 61%, Black = 62%.} 1/2-1/2

[Event "5th GRENKE Chess Classic 2018"]
[Site "Baden-Baden"]
[Date "2018.04.05"]
[Round "5"]
[White "Hou, Yifan"]
[Black "Vitiugov, Nikita"]
[Result "1/2-1/2"]
[WhiteElo "2657"]
[BlackElo "2735"]
[Annotator "TA"]
[PlyCount "77"]
[EventDate "2018.??.??"]
[EventType "tourn"]
[EventCountry "GER"]
[SourceTitle "playchess.com"]
[Source "ChessBase"]
[SourceQuality "1"]

{[%evp 31,77,12,15,0,0,0,0,0,0,-8,0,0,0,0,0,-35,-31,-29,0,0,0,0,0,0,0,0,0,0,0,0,0,0,0,0,0,0,0,0,0,0,0,0,0,0,0,0,0,0]} 1. e4 e5 2. Nf3 Nc6 3. Bb5 a6 4. Ba4 Nf6 5. O-O Be7 6. Re1 b5 7. Bb3 d6 8. c3 O-O 9. h3 Re8 10. d4 Bb7 11. Nbd2 {[%cal Bb1d2,Bd2f1,Bf1g3][%mdl 32]} Bf8 12. d5 Nb8 13. Nf1 Nbd7 14. N3h2 c6 {C92: Closed Ruy Lopez: 9...Be6, Karpov and Flohr-Zaitsev Variations} (14... Nc5 15. Bc2 c6 16. b4 Ncd7 17. dxc6 Bxc6 18. Bg5 h6 19. Bxf6 Nxf6 20. Ng4 Nh7 21. Qd3 Rc8 22. Bb3 Re7 23. c4 {½-½ (54) Navara,D (2749)-Oparin,G (2607) Caleta 2018}) 15. dxc6 Bxc6 16. Bg5 Qc7 {LiveBook: 9 Games} 17. Ng3 a5 18. Bxf6 $146 ({Find the theoretical novelty and annotate with similar games:} 18. a3 Qb7 19. Qf3 Nc5 20. Bxf6 Nxb3 21. Rad1 Re6 22. Ng4 {0-1 (47) Dushkin,D (2285)-Spagnoli,L (2101) ICCF email 2016}) 18... Nxf6 19. Ng4 Nxg4 20. hxg4 a4 21. Bd5 Bxd5 22. Qxd5 a3 23. bxa3 (23. b3 {NOTEXT} Qxc3 24. Qxb5 g6 25. Rac1 Qb2 26. Rb1) 23... Rxa3 24. Rab1 Qc4 25. Qxb5 {The position is equal.} Qxb5 26. Rxb5 Rxa2 27. Nf5 Rc2 28. Ne3 Rxc3 29. Ra1 Rcc8 30. Rb7 Rb8 31. Raa7 Rxb7 32. Rxb7 $11 {[%mdl 4096] Endgame KRB-KRN} h6 33. Nd5 Ra8 34. Kh2 g6 35. f3 Kg7 36. Nc7 Rc8 37. Nd5 Ra8 38. Nc7 Rc8 39. Nd5 {Precision: White = 96%, Black = 80%.} 1/2-1/2

[Event "5th GRENKE Chess Classic 2018"]
[Site "Baden-Baden"]
[Date "2018.04.05"]
[Round "5"]
[White "Meier, Georg"]
[Black "Carlsen, Magnus"]
[Result "1/2-1/2"]
[WhiteElo "2636"]
[BlackElo "2843"]
[Annotator "TA"]
[PlyCount "85"]
[EventDate "2018.??.??"]
[EventType "tourn"]
[EventCountry "GER"]
[SourceTitle "playchess.com"]
[Source "ChessBase"]
[SourceQuality "1"]

{[%evp 17,85,4,24,11,29,17,34,15,28,19,22,21,29,29,22,20,27,19,21,6,34,34,48,47,41,46,42,46,45,37,45,0,5,0,0,0,80,12,47,25,22,20,63,0,51,59,53,54,76,67,59,52,59,72,123,121,177,159,649,646,597,9,9,9,9,9,9,9,9,9]} 1. d4 Nf6 2. c4 e6 3. Nf3 d5 4. g3 Bb4+ 5. Bd2 Be7 6. Bg2 O-O 7. O-O Nbd7 8. Qc2 c6 9. Bf4 Ne4 {LiveBook: 109 Games} 10. h4 {E08: Closed Catalan: Main Line: 7 Qc2} (10. Nc3 g5 11. Bc1 f5 12. b3 b6 13. Bb2 Bb7 14. Rad1 Qe8 15. Ne5 Nxe5 16. dxe5 Nxc3 17. Qxc3 Rc8 18. e3 {1-0 (75) Le,Q (2739)-Nakamura,H (2792) Saint Louis 2017}) 10... Ndf6 11. Nbd2 $146 ({Find the theoretical novelty and annotate with similar games:} 11. Nc3 Nxc3 12. Qxc3 b6 13. Ne5 Bb7 14. b4 a5 15. c5 axb4 16. Qxb4 Ra6 17. Rfb1 Ba8 {1-0 (62) Ilonen,I (2228)-Jones,I (2256) ICCF email 2016}) 11... Nxd2 12. Nxd2 {White is slightly better.} Nh5 13. Be3 f5 14. Bf3 $1 {[%cal Rf3h5]} Qe8 15. Bg5 {Threatens to win with Bxh5.} Nf6 16. e3 b6 17. Rac1 Ba6 18. a3 Ne4 19. Bxe7 Qxe7 20. Be2 Bb7 21. b4 Rac8 22. c5 e5 23. dxe5 Qxe5 {...Nxg3! is the strong threat.} 24. Nxe4 fxe4 25. Qc3 Qf5 26. a4 g5 (26... Rf6 $11) 27. hxg5 (27. f4 $16) 27... Qxg5 $11 28. Kg2 Rc7 29. Rh1 {[%cal Bf1h1,Bh1h5,Bh5g5][%mdl 32]} Rg7 {( -> ...Rxf2+!)} 30. Rcg1 (30. Rcf1 $1 $14) 30... Qf5 (30... bxc5 $11 31. Qxc5 Qf6) 31. Rf1 $14 Ba6 32. b5 $1 {[%cal Rb5a6]} (32. Bxa6 $2 Qf3+ 33. Kh2 Rg6 $19) 32... cxb5 33. Rh5 $1 {[%cal Rh5f5]} ({Stronger than} 33. axb5 Bxb5 $1 {[%mdl 512]} 34. Rh5 (34. Bxb5 $2 Qf3+ 35. Kh2 Rf6 $19) 34... Qg6 $19) 33... Qf7 34. Qe5 {And now c6 would win.} Bb7 35. cxb6 bxa4 (35... axb6 $142 36. Bxb5 (36. axb5 Re8 $14) 36... Qf6) 36. bxa7 $16 Ba8 (36... Re8 $16 37. Qd4 Ba8) 37. Rg5 $18 Qxa7 $2 {[#]} (37... Rxg5 $16 38. Qxg5+ Qg7 39. Qxg7+ Kxg7) 38. Bg4 $1 {[%cal Rg4e6] White wants to mate with Be6+.} Kh8 39. Ra1 $2 ({Better is} 39. Rh5 $18 {Be6 would kill now.} Qf7 {[#]} 40. Rxh7+ $3 {[%mdl 512]} Kxh7 41. Rh1+ Kg8 42. Be6) 39... Qe7 $36 {[%mdl 2048] The position is equal. Black is pushing.} 40. Qxg7+ Qxg7 41. Rxg7 Kxg7 42. Rxa4 Bc6 43. Rb4 {Precision: White = 63%, Black = 51%.} 1/2-1/2

[Event "5th GRENKE Chess Classic 2018"]
[Site "Baden-Baden"]
[Date "2018.04.06"]
[Round "6"]
[White "Carlsen, Magnus"]
[Black "Aronian, Levon"]
[Result "1/2-1/2"]
[WhiteElo "2843"]
[BlackElo "2767"]
[Annotator "TA"]
[PlyCount "104"]
[EventDate "2018.??.??"]
[EventType "tourn"]
[EventCountry "GER"]
[SourceTitle "playchess.com"]
[Source "ChessBase"]
[SourceQuality "1"]

{[%evp 16,104,19,16,37,30,15,13,26,17,20,22,26,35,31,28,26,17,23,21,32,45,49,47,47,0,0,0,0,0,0,-38,-16,-54,-62,-66,-48,-55,0,0,0,0,-12,-35,0,0,0,0,0,0,0,0,0,0,85,85,85,85,86,86,86,86,86,86,86,86,87,68,68,69,69,64,64,64,64,64,64,0,64,0,0,0,0,0,0,0,0,0,0,0,0]} 1. c4 Nf6 2. Nc3 e6 3. e4 d5 4. cxd5 exd5 5. e5 Ne4 6. Nf3 Bf5 {A18: English Opening: Flohr-Mikenas System (1 c4 Nf6 2 Nc3 e6 3 e4)} 7. d3 Nxc3 8. bxc3 c5 9. d4 {LiveBook: 4 Games} c4 $146 ({Predecessor:} 9... Nc6 10. Bd3 Bxd3 11. Qxd3 Be7 12. dxc5 Bxc5 13. O-O Qd7 14. Re1 {½-½ (96) Grischuk,A (2767)-Nakamura,H (2787) Moscow 2018}) 10. g3 Be7 11. Bg2 Bd3 12. Ng1 Qa5 13. Bd2 Nc6 14. Ne2 Ba3 15. O-O O-O 16. Re1 Rad8 17. Bg5 Bb2 18. Bxd8 Rxd8 19. Rc1 $1 Bxe2 20. Qxe2 (20. Rxe2 {feels hotter.} Bxc3 21. e6 Bxd4 22. exf7+ Kxf7 23. a4) 20... Bxc1 21. Rxc1 Qa3 $1 {[%cal Ra3c1]} 22. Qe3 b5 23. e6 f6 24. h4 Ne7 25. Rb1 a6 26. Qd2 Qd6 27. a4 bxa4 {Threatening ...Rb8.} 28. Qa2 a3 29. Rb4 h5 30. Qxa3 Nc6 31. Ra4 Qxa3 $1 32. Rxa3 $11 {[%mdl 4096] Endgame KRB-KRN} a5 33. e7 Nxe7 34. Rxa5 Rb8 (34... g6 $11) 35. Bxd5+ $16 Nxd5 36. Rxd5 {Hoping for Rc5. KR-KR} Rb3 37. Rxh5 Rxc3 38. Rc5 Rc1+ 39. Kg2 c3 40. Kf3 c2 41. Kf4 Rd1 42. Rxc2 {[#] And now Ke4 would win.} Rxd4+ 43. Kf5 Kh7 44. f4 Ra4 45. Rc5 Kh6 46. Rd5 (46. Rc7 $14) 46... Ra6 (46... Kh5 $11) 47. g4 (47. Kg4 $14) 47... g6+ $11 {The position is equal.} 48. Ke4 Ra4+ 49. Rd4 Ra5 50. Rd5 Ra4+ 51. Ke3 Ra3+ 52. Rd3 Ra6 {Precision: White = 70%, Black = 77%.} 1/2-1/2

[Event "5th GRENKE Chess Classic 2018"]
[Site "Baden-Baden"]
[Date "2018.04.06"]
[Round "6"]
[White "Caruana, Fabiano"]
[Black "Hou, Yifan"]
[Result "1/2-1/2"]
[WhiteElo "2804"]
[BlackElo "2657"]
[Annotator "TA"]
[PlyCount "196"]
[EventDate "2018.??.??"]
[EventType "tourn"]
[EventCountry "GER"]
[SourceTitle "playchess.com"]
[Source "ChessBase"]
[SourceQuality "1"]

{[%evp 15,196,3,22,16,22,-10,-2,-17,-17,-46,-34,-50,-19,-52,-46,-55,-50,-128,-37,-27,-47,-39,0,0,0,-16,-19,-19,-4,-6,0,-11,-20,-6,-16,-24,-21,-36,-10,-24,-8,-47,-21,-30,-15,-20,-19,-28,-44,-36,-20,-29,-25,-98,-101,-111,-105,-108,-112,-137,-136,-126,-47,-47,-47,-47,-47,-47,-47,-47,-48,-77,-77,-77,-77,-77,-77,-129,-124,-117,-117,-125,-132,-170,-170,-170,-170,-170,-170,-170,-170,-170,-170,-170,-170,-170,-170,-170,-170,-170,-170,-170,-170,-170,-170,-170,-170,-170,-170,-170,-170,-170,-125,-1632,-125,-125,-125,-125,-125,-125,-125,-125,-125,-125,-125,-125,-125,-125,-125,-125,-125,-125,-125,-125,-125,-125,-125,-125,-125,-125,-125,-125,-125,-125,-125,-125,0,-125,-125,-125,-97,-97,0,-125,-125,-125,-125,-125,-125,-125,-125,-125,-125,-125,-125,-125,-125,-125,-8,-8,-8,-8,-8,-8,-8,-8,0,0,0,-8,-8,-8,0]} 1. e4 e5 2. Nf3 Nf6 3. Nxe5 d6 4. Nf3 Nxe4 5. Nc3 Nxc3 6. dxc3 Be7 7. Be3 O-O 8. Qd2 {C42: Petroff Defence: 3 Nxe5 and unusual White 3rd moves} (8. Bd3 Nd7 9. Qe2 Nc5 10. Bc4 d5 11. Bd3 Nxd3+ 12. Qxd3 c5 13. h4 h6 14. O-O-O Be6 15. Rdg1 Qa5 {1-0 (53) Ponomariov,R (2694)-Ni,H (2671) Riadh 2017}) 8... Nd7 {LiveBook: 168 Games} 9. O-O-O Nf6 10. h3 c5 11. Bf4 $146 ({Predecessor:} 11. Bd3 Re8 12. g4 Be6 13. c4 b5 14. g5 bxc4 15. gxf6 Bxf6 16. Bf1 c3 17. bxc3 Qa5 18. Qd3 Bxc3 {0-1 (18) Sadler,K (1810)-Hofer,R (2375) ICCF email 2016}) 11... Be6 12. a3 d5 13. Ng5 Bd7 14. g4 Bc6 {And now ...d4 would win.} 15. Bg2 Re8 16. Qd3 (16. c4 $15 dxc4 17. Qxd8 Raxd8 18. Rxd8 Bxd8 19. Bxc6 bxc6 20. Nf3) 16... Bd6 (16... c4 $17 17. Qf1 Qa5) 17. Qg3 $1 $15 Bxf4+ 18. Qxf4 h6 (18... Qe7 {feels hotter.} 19. h4 Rad8 20. Bf3 a5 21. h5 h6) 19. Nf3 Qb8 20. Qxb8 Raxb8 21. Nd2 Re2 22. Rhf1 b6 23. Rde1 Rbe8 24. Rxe2 Rxe2 25. Kd1 Re6 26. f4 Kf8 27. Re1 Ke7 28. Rxe6+ Kxe6 $11 {[%mdl 4096] Endgame KBN-KBN} 29. Ke2 g5 30. fxg5 hxg5 31. Nf3 Ne4 32. Ke3 f6 33. Bf1 Nd6 34. Nd2 (34. h4 $11) 34... f5 $17 35. gxf5+ Nxf5+ 36. Kf2 Ke5 37. Nf3+ Kf4 38. Ne1 {White threatens Nd3+ and mate.} c4 ({Black should try} 38... Ne3 $1 $17 {[%cal Re3d1]} 39. Be2 c4) 39. Ng2+ $1 $15 Ke5 40. Be2 $1 Ba4 41. Bd1 Be8 42. Bg4 Bg6 43. Be2 Nd6 44. Ne3 Ne4+ 45. Kf3 Nf6 46. Kf2 (46. Ng4+ $142 Ke6 47. Bd1) 46... Bf7 $17 47. Ng2 Be6 $1 48. h4 Ne4+ 49. Kf3 Bh3 $1 50. hxg5 Nxg5+ 51. Kg3 Bxg2 $1 52. Kxg2 $19 {KB-KN} Ne6 $1 53. Kf2 Nc5 $1 54. Bh5 Na4 55. Be8 Nxb2 56. Ke2 a6 $1 57. Kd2 b5 58. Bh5 Na4 59. Bf7 Nc5 {...Ne4+ is the strong threat.} 60. Kc1 Ne6 61. Kb2 Nf4 62. Be8 Ke4 {Strongly threatening ...Ke3.} 63. Bc6 Ke3 64. Bb7 $2 {[%mdl 8192]} (64. Kc1 $17) 64... a5 $2 (64... Kd2 $1 $19 {is more deadly.} 65. Bxa6 Nd3+ $1 {[%mdl 512]} 66. Kb1 Ne1 67. Bxb5 Kxc3) 65. Kc1 $17 Ne2+ 66. Kb2 Kd2 67. Bxd5 Nxc3 68. Bc6 Nd1+ 69. Kb1 Ne3 70. Be4 c3 71. Bh7 Nc4 72. Ka2 Ne5 73. Be4 Ke3 74. Bh7 Nc6 75. Bg6 Kd2 76. Be4 Nd4 77. Kb1 Kd1 78. Bd5 Nf5 ({Of course not} 78... Nxc2 $6 79. Bb3 $11) 79. Be4 Ne3 80. Bg6 Kd2 (80... Nc4 $17 81. Ka2 Nd2) 81. Bd3 {[#]} (81. Bh7 $1 $11 {was the only way to keep the balance.}) 81... Nc4 $1 {[%cal Rc4a3]} 82. Ka2 Nb6 83. Kb1 Nc4 84. Ka2 $1 a4 85. Bg6 Kc1 86. Bd3 Nd6 87. Ka1 Nb7 88. Ka2 {[#]} Nc5 $1 {[%cal Rc5d3]} 89. Bf5 Na6 90. Bg6 Kd2 91. Bh7 Nb8 (91... Nc5 $17 {Hoping for ...Nb7.} 92. Bf5 Kc1) 92. Bd3 $11 {The position is equal.} Nc6 {Threatening ...Na7.} 93. Bxb5 Nd4 94. Bxa4 Nxc2 95. Kb3 Nd4+ 96. Kc4 Nc2 97. Kb3 Ne3 {( -> ...c2)} 98. Kb4 c2 {Precision: White = 64%, Black = 67%.} 1/2-1/2

[Event "5th GRENKE Chess Classic 2018"]
[Site "Baden-Baden"]
[Date "2018.04.06"]
[Round "6"]
[White "Vitiugov, Nikita"]
[Black "Vachier-Lagrave, Maxime"]
[Result "1/2-1/2"]
[WhiteElo "2735"]
[BlackElo "2789"]
[Annotator "TA"]
[PlyCount "136"]
[EventDate "2018.??.??"]
[EventType "tourn"]
[EventCountry "GER"]
[SourceTitle "playchess.com"]
[Source "ChessBase"]
[SourceQuality "1"]

{[%evp 10,136,14,8,27,39,23,17,19,16,31,0,0,0,0,0,0,0,0,0,29,26,25,25,31,31,27,23,28,25,31,12,13,26,42,47,56,51,51,48,48,48,48,48,48,48,49,47,50,47,51,51,54,41,68,47,43,47,47,39,39,39,52,37,39,37,38,38,40,39,47,47,54,54,54,54,54,54,54,54,54,54,54,54,54,54,54,54,54,54,54,54,54,54,54,54,54,54,54,0,54,54,54,54,54,35,35,35,35,8,8,8,8,8,8,8,8,0,8,8,8,8,8,0,0,0,0,0,0]} 1. d4 Nf6 2. c4 g6 3. g3 c6 4. Bg2 d5 5. Qa4 (5. Nf3 Bg7 6. Qb3 O-O 7. O-O Qb6 8. Nc3 Rd8 9. h3 Bf5 10. Bf4 Na6 11. Qxb6 axb6 12. cxd5 Nxd5 13. Nxd5 Rxd5 14. Be5 Bxe5 15. dxe5 Be4 16. Rfd1 Bxf3 17. Bxf3 Rxe5 {0-1 (68) Li,C (2732)-Vachier Lagrave,M (2789) Riadh 2017}) 5... Bg7 6. cxd5 {LiveBook: 31 Games. D71: Fianchetto Grünfeld: 3 g3 d5 sidelines and 5 cxd5 (without Nf3)} O-O $146 ({Predecessor:} 6... Nxd5 7. Nf3 Nb6 8. Qc2 Bg4 9. e3 O-O 10. Nbd2 Na6 11. O-O c5 12. Qe4 Be6 13. Qxb7 {0-1 (38) Bruzon Batista,L (2673)-Zherebukh,Y (2633) Saint Louis 2018}) 7. dxc6 Nxc6 8. Nf3 {White has an edge.} Nd5 9. e3 Nb6 10. Qd1 e5 {[%cal Re5d4]} 11. O-O Bg4 {...e4 is the strong threat.} 12. dxe5 Qxd1 13. Rxd1 Nxe5 14. Nbd2 Rfd8 15. Rf1 Nd3 16. Nb3 Nxc1 17. Raxc1 Bxb2 18. Rc2 Bf6 19. Nfd4 Rac8 20. Rfc1 Rxc2 21. Rxc2 Nd5 22. Rc5 Nb4 23. Bxb7 Nxa2 24. Ra5 Nc3 25. Rxa7 Ne2+ 26. Nxe2 Bxe2 27. Kg2 Bc4 28. Na5 Be6 29. Bf3 Rd2 30. Nc6 Ra2 31. Rc7 Bg5 {[#] Hoping for ...Bxe3.} 32. Nb4 Rd2 33. Rc3 Bf6 34. Rc2 Rxc2 35. Nxc2 $14 {[%mdl 4096] Endgame KBB-KBN} Kf8 36. Nb4 Bc3 37. Nc6 h6 38. Nd4 Ke7 39. Bb7 Kf6 40. f4 g5 41. Kf3 gxf4 42. gxf4 Bb2 43. Ne2 Ke7 44. Ng3 f5 45. Ne2 Kf6 46. Nd4 Bc4 47. Bc8 Bd3 48. Kf2 Bc3 49. Bb7 Bb2 50. Bg2 Ba6 51. Bf1 Bc8 52. Bh3 Bc3 53. Nb5 Bd2 54. Nd4 Bc3 $1 55. Ne2 Bd2 56. Ng3 Bc1 57. Ne4+ (57. Bf1 {looks sharper.} Be6 58. Ne2 Bb2 59. Bh3 Ba3 60. Nd4) 57... fxe4 58. Bxc8 {KB-KB} h5 59. h4 Ba3 {The position is equal.} 60. Bd7 Be7 61. Be8 Kf5 62. Kg3 Bc5 63. Kf2 Be7 64. Bxh5 Bxh4+ 65. Ke2 Bg3 66. Bf3 Bxf4 67. Bxe4+ Kxe4 68. exf4 Kxf4 {Precision: White = 77%, Black = 74%.} 1/2-1/2